UK Commercial Property Monitor (Record no. 122107)

MARC details
000 -LEADER
fixed length control field 01272nam a22001937a 4500
008 - FIXED-LENGTH DATA ELEMENTS--GENERAL INFORMATION
fixed length control field 250221t2025 xxk|||||o|||| 00| 0 eng d
041 ## - LANGUAGE CODE
Language code of text/sound track or separate title eng
110 ## - MAIN ENTRY--CORPORATE NAME
Corporate author Royal Institution of Chartered Surveyors
245 ## - TITLE STATEMENT
Title UK Commercial Property Monitor
Subtitle Q4 2024
Medium [Electronic resource]
260 ## - PUBLICATION INFORMATION
Place of publication London,
Publisher Royal Institution of Chartered Surveyors,
Date January 2025
490 ## - SERIES TITLE
Series statement RICS UK Commercial Property Monitor
Volume Q4 2024
520 ## - ABSTRACT
Abstract The Q4 2024 RICS UK Commercial Property Monitor <br/>results point to a slight stalling in momentum <br/>towards the end of the year, with the deteriorating <br/>macroeconomic backdrop seemingly weighing on <br/>market activity. Whereas 44% of respondents to the <br/>previous survey felt conditions were shifting into the <br/>early stages of an upturn, the latest feedback shows <br/>this share fell to 33% against a renewed rise in the <br/>proportion of contributors seeing a downturn.
650 ## - KEYWORDS
Keywords COMMERCIAL PROPERTY
651 ## - SUBJECT ADDED ENTRY--GEOGRAPHIC NAME
Geographic name United Kingdom
690 ## - BROAD SUBJECT
9 (RLIN) 6227
Broad subject Commercial property
710 ## - ADDED CORPORATE NAME
Added corporate author Royal Institution of Chartered Surveyors
856 ## - ONLINE RESOURCE
Uniform Resource Identifier <a href="https://www.rics.org/content/dam/ricsglobal/documents/market-surveys/global-commercial-property-monitors/Q4-2024-RICS-UK-Commercial-Property-Monitor.pdf">https://www.rics.org/content/dam/ricsglobal/documents/market-surveys/global-commercial-property-monitors/Q4-2024-RICS-UK-Commercial-Property-Monitor.pdf</a>
Public note Available free on RICS.org
942 ## - ADDED ENTRY ELEMENTS (KOHA)
Suppress in OPAC Do not suppress in OPAC
Holdings
Lost status Damaged status Not for loan Current library Shelving location Date acquired Total Checkouts Full call number Date last seen Price effective from Koha item type
      Virtual Online 21/02/2025   PROPERTY MARKET DATA 21/02/2025 21/02/2025 Online material